01017nam a2200265 i 45000010005000000030009000050050017000140070003000310080041000340200018000750800011000931000021001042450187001252600048003123000028003605040027003886500019004157000029004347000025004637000041004887000040005298520045005699990015006149520122006297311ES-MaACL20230906145215.0t|901119s1988 sp ||||1| spa d a84-7615-214-0 a621-521 aFu, K. S.95279710aRobotica b: control, deteccion, vision e inteligencia / cK. S. Fu, R. C. Gonzalez, C. S. G. Lee ; traduccion, Sebastian Dormido Bencomo ; revision tecnica, Antonio Vaquero Sanchez. aMadrid [etc.] : bMcGraw-Hill, cD.L. 1988. aXIII, 599 p. ; c24 cm. aBibliogr.: p. 576-590. aRobots.9169231 aGonzález, R. C.9583751 aLee, C. S. G.9711761 aDormido Bencomo, Sebastián.9454121 aVaquero Sánchez, Antonio.9113103 aES-MaACLjL-14468 bR.118552 z. - rust. c7311d7311 00104070aATENEOMbATENEOMcDEPO2d2008-01-17eSCl0oL-14468p1007457r2023-02-23 00:00:00w2023-02-23yMONOGRAFIA